Statystyki dla Rozpoznaj klub piłkarski po herbie

Kliknij tutaj aby rozwiązać quiz!

Ogólne statystyki

  • Ten quiz został rozwiązany 448 razy
  • Średni wynik to 12 z 14

Statystyki odpowiedzi

Odpowiedź% Poprawnych
Real Madryt
100%
Bayern Monachium
99%
Legia Warszawa
99%
Lech Poznań
98%
Napoli
96%
PSV
92%
Sevilla
91%
Zenit
88%
Dinamo Zagrzeb
82%
FC Basel
77%
Malmo FF
76%
Boca Juniors
72%
Spartak Moskwa
69%
Fc Augsburg
68%

Rozkład punktacji

Percentyl według liczby udzielonych odpowiedzi

Procent ludzi z każdym wynikiem

Twoja historia wyników

Nie rozwiązałeś tego quizu